Les meilleurs joueurs sur FIFA 22 - Statistiques

Statistiques générales
  • Ce quiz a été pris 936 fois
    479 depuis la dernière actualisation
  • Le résultat moyen est 22 sur 30
Statistiques - réponses
Note Joueurs Club % Correct
91 Kylian Mbappé Paris Saint-Germain
99%
93 Lionel Messi Paris Saint-Germain
98%
91 Neymar Jr Paris Saint-Germain
97%
90 Harry Kane Tottenham
96%
91 Cristiano Ronaldo Manchester United
94%
92 Robert Lewandowski Bayern Munich
91%
91 Kevin de Bruyne Manchester City
90%
89 Mohamed Salah Liverpool
90%
89 Heung-min Son Tottenham
84%
91 Jan Oblak Atletico Madrid
82%
90 Manuel Neuer Bayern Munich
81%
89 Karim Benzema Real Madrid
78%
88 Erling Haaland Borussia Dortmund
77%
89 Thibaut Courtois Real Madrid
77%
89 Gianluigi Donnarumma Paris Saint-Germain
76%
89 Sadio Mané Liverpool
76%
89 Virgil van Dijk Liverpool
76%
89 Alisson Liverpool
75%
88 Toni Kroos Real Madrid
73%
90 Marc-André Ter Stegen FC Barcelone
72%
89 Joshua Kimmich Bayern Munich
71%
90 N'Golo Kanté Chelsea
71%
89 Ederson Manchester City
61%
88 Sergio Ramos Paris Saint-Germain
55%
89 Casemiro Real Madrid
50%
88 Bruno Fernandes Manchester United
47%
88 Luis Suárez Atletico Madrid
44%
88 Keylor Navas Paris Saint-Germain
36%
88 Raheem Sterling Manchester City
27%
88 Romelu Lukaku Chelsea
22%
Aucun quiz correspondant
Distribution des résultats
% des personnes avec chaque résultat
Percentile par nombre de réponses
Votre historique - résultats
Vous n’avez pas pris ce quiz depuis la dernière actualisation